Image Processing and Analysis/ (Record no. 184277)

MARC details
000 -LEADER
fixed length control field 00577nam a22001817a 4500
005 - DATE AND TIME OF LATEST TRANSACTION
control field 20220311172221.0
010 ## - LCCN (DPL NO)
LC control number ENG-131179
020 ## - INTERNATIONAL STANDARD BOOK NUMBER
International Standard Book Number 978-93-5350-231-7
Terms of availability 340.00
035 ## - SYSTEM CONTROL NUMBER
System control number EN-114711
037 ## - SOURCE OF ACQUISITION
Source of stock number/acquisition DBAD
082 ## - DEWEY DECIMAL CLASSIFICATION NUMBER
Classification number 616.0754
100 ## - MAIN ENTRY--PERSONAL NAME
Personal name Birchfield, Stan
245 ## - TITLE STATEMENT
Title Image Processing and Analysis/
Statement of responsibility, etc Stan Birchfield
260 ## - PUBLICATION, DISTRIBUTION, ETC. (IMPRINT)
Place of publication, distribution, etc Delhi
Name of publisher, distributor, etc Cengage Learning India Private Limited
Date of publication, distribution, etc 2019
270 ## - ADDRESS
City Delhi
Address T-303, 3rd Floor, DAV Complex, Plot 3, Mayur Vihar Phase 1
Postal code 110091
300 ## - PHYSICAL DESCRIPTION
Extent 736p.
Dimensions 25cm(pbk)
942 ## - ADDED ENTRY ELEMENTS (KOHA)
Source of classification or shelving scheme Dewey Decimal Classification
Item type English Books
Classification part 616.0754
Call number suffix BIR
Holdings
Withdrawn status Lost status Not for loan Collection code Home library Current library Date acquired Source of acquisition Cost, normal purchase price Full call number Barcode Copy number Cost, replacement price Koha item type
      Non-fiction Bawana Bawana 17/01/2022 DBAD/PUB 340.00 616.0754 BIR EN-114711 1 340.00 English Books

© Delhi Public Library
Hit Counter
free hit counter